000 01013nam a22001937a 4500
999 _c5894
_d5894
003 GBCCL
005 20241126110552.0
008 180413b ||||| |||| 00| 0 eng d
040 _cgbc
082 _a230
_bLAW
100 _a Law, William
_98613
245 _aThe pocket William Law
_cWilliam Law; edited by Arthur W. Hopkinson ; with a foreword by the Archbishop of York.
260 _c1950.
_aPhiladelphia:
_bWesminster,
300 _a1 volume (160 pages) ;
_b18 cm.
505 _aA practical treatise upon Christian perfection. -- An appeal to all that doubt or disbelieve the Truths of the Gospel whether they be Deists, Arians, Socinians, or nominal Christians. In which the true grounds and reasons of the whole Christian faith and life are plainly and fully demonstrated. -- The spirit of Prayer or the soul rising out of the vanity of time into the riches of Eternity
650 _aTheology -- Early works to 1800.
_910662
650 _aTheology -- History -- 18th century.
_910663
942 _2ddc
_cBK
_01